Informe de la práctica profesional realizada en la Empresa Honduras Fosforera S.A
Presenta la implementacion de un sistema de administracion para elevar y mantener el indice de calidad, detectar costos de control con aceptable nivel de confiabilidad.
| Main Author: | |
|---|---|
| Other Authors: | |
| Format: | Tesis Section = Libro |
| Language: | Undetermined Spanish |
| Published: |
Tegucigalpa
UNAH
1985
|
| Subjects: |
| LEADER | 01044nam a2200265Ia 4500 | ||
|---|---|---|---|
| 008 | 240830s9999 xx 000 0 und d | ||
| 040 | |a BIBLIOTECA-RUSB/ Mon 670.42 L269 | ||
| 041 | |a spa | ||
| 082 | |a Mon 670.42 L269 | ||
| 100 | 1 | |a Lang, Thomas A. | |
| 245 | 1 | 0 | |a Informe de la práctica profesional realizada en la Empresa Honduras Fosforera S.A |
| 260 | |a Tegucigalpa |b UNAH |c 1985 | ||
| 300 | |a 125 p. :il. | ||
| 502 | |a Tesis (Ingeniero Industrial) - UNAH, 1985. | ||
| 520 | 3 | |a Presenta la implementacion de un sistema de administracion para elevar y mantener el indice de calidad, detectar costos de control con aceptable nivel de confiabilidad. | |
| 650 | 7 | |a INGENIERÍA DE OPERACIONES - FOSFORERA | |
| 650 | 7 | |b SISTEMA DE CONTROL ESTADÍSTICO - CALIDAD - FOSFORERA | |
| 650 | 7 | |c SISTEMA DE INCENTIVOS - FOSFORERA | |
| 650 | 7 | |d SISTEMA DE MANTENIMIENTO PREVENTIVO | |
| 650 | 7 | |e DISTRIBUCIÓN DE BODEGA - FOSFORERA | |
| 650 | 7 | |f PRÁCTICAS PROFESIONALES | |
| 700 | 1 | |a Tutor: | |
| 942 | |c BK |2 ddc | ||
| 991 | |a TESIS | ||
| 999 | |c 20778 | ||